Life's pilgrimage through the Gita : (Record no. 9947)

MARC details
000 -LEADER
fixed length control field 00857 a2200229 4500
010 ## - LIBRARY OF CONGRESS CONTROL NUMBER
LC control number ENG-89077
020 ## - INTERNATIONAL STANDARD BOOK NUMBER
International Standard Book Number 8124603103
Terms of availability 500.00
035 14 - SYSTEM CONTROL NUMBER
System control number EN-72610
037 1# - SOURCE OF ACQUISITION
Source of stock number/acquisition DBAD / PUB
082 14 - DEWEY DECIMAL CLASSIFICATION NUMBER
Classification number 181.45
090 ## - LOCALLY ASSIGNED LC-TYPE CALL NUMBER (OCLC); LOCAL CALL NUMBER (OCLC)
-- 10187
-- 10187
100 ## - MAIN ENTRY--PERSONAL NAME
Personal name Narayana Prasad, Muni
245 1# - TITLE STATEMENT
Title Life's pilgrimage through the Gita :
Statement of responsibility, etc by Swami Muni Narayana Prasad
Remainder of title a commentary on the Bhagavad Gita /
260 ## - PUBLICATION, DISTRIBUTION, ETC. (IMPRINT)
Place of publication, distribution, etc New Delhi
Name of publisher, distributor, etc D.K. Printworld
Date of publication, distribution, etc 2005
270 ## - ADDRESS
Electronic mail address dkprintworld@vsnl.net
Address `Sri Kunj', F-32, Bali Nagar,
City New Delhi
Postal code 110 015
300 ## - PHYSICAL DESCRIPTION
Extent x, 580p.
Dimensions 23 cm ( Hb)
490 ## - SERIES STATEMENT
Series statement Rediscovering Indian Literary Classics; no. 14
500 ## - GENERAL NOTE
General note Includes bibliographical references and index
650 ## - SUBJECT ADDED ENTRY--TOPICAL TERM
Topical term or geographic name as entry element Bhagavadgita
942 ## - ADDED ENTRY ELEMENTS (KOHA)
Institution code [OBSOLETE] dpl
Koha item type English Books
Call number prefix 181.45 / NAR
Holdings
Withdrawn status Lost status Source of classification or shelving scheme Damaged status Not for loan Collection code Home library Current library Source of acquisition Cost, normal purchase price Total Checkouts Full call number Barcode Date last seen Copy number Uniform Resource Identifier Cost, replacement price Price effective from Koha item type
    Dewey Decimal Classification   Not For Loan Non-fiction D.B.Act.Division D.B.Act.Division DBAD/PUB 500.00   181.45 NAR EN-72610 15/09/2008 1 10960 500.00 15/09/2008 English Books

© Delhi Public Library
Hit Counter
free hit counter